Csontváry és a szegedi árvíz

Elmentve itt :
Bibliográfiai részletek
Szerző: Szelesi Zoltán
Dokumentumtípus: Cikk
Megjelent: 1978-07-02
Sorozat:Délmagyarország 68 No. 154
Kulcsszavak:Csontváry Kosztka Tivadar, 1879-es nagyárvíz
Online Access:http://dmarchiv.bibl.u-szeged.hu/93008
LEADER 00487nab a2200157 i 4500
001 delm93008
005 20190517105611.0
008 190517s1978 hu o 0|| hun d
040 |a SZTE Délmagyarország Archívum  |b hun 
041 |a hun 
100 1 |a Szelesi Zoltán 
245 1 0 |a Csontváry és a szegedi árvíz  |h [elektronikus dokumentum] /  |c  Szelesi Zoltán 
260 |c 1978-07-02 
300 |a 7 
490 0 |a Délmagyarország  |v 68 No. 154 
695 |a Csontváry Kosztka Tivadar, 1879-es nagyárvíz